| 000 | 00594nam a2200181 i 4500 | ||
|---|---|---|---|
| 001 | 40864 | ||
| 003 | ES-MaACL | ||
| 005 | 20230906160328.0 | ||
| 007 | t| | ||
| 008 | 030307s1962 sp ||||1| spa d | ||
| 245 | 0 | 3 |
_aEl sacerdote, según las encíclicas pontificias / _cpor Capozzi-Radice ; [traductor, Vicente Nolla]. |
| 260 |
_aBarcelona : _bAlgueró y Baiges, _c[1962] |
||
| 300 |
_a256 p. ; _c18 cm. |
||
| 500 | _aEl sacerdote da tutte le encicliche pontificie. | ||
| 700 | 1 |
_aNolla y Gili, Vicente. _985922 |
|
| 700 | 1 |
_aCapozzi-Radice. _934889 |
|
| 852 |
_aES-MaACL _jC-22629 _bR.50822 |
||
| 999 |
_c40864 _d40864 |
||